| 000 | 00601nam a22002172a 4500 | ||
|---|---|---|---|
| 001 | 31666 | ||
| 003 | BD-RjUL | ||
| 005 | 20211209051731.0 | ||
| 008 | 140421s1961 gw 000 0 ger d | ||
| 035 | _a(BD-RjUL)31754 | ||
| 040 |
_aDLC _cAKR _dBD-RjUL _beng |
||
| 041 | _aeng | ||
| 082 |
_a193 _bHEN V-1 1961 |
||
| 100 | 1 |
_aHeidegger, Martin, _d1889-1976. _92758 |
|
| 245 | 1 | 0 |
_aNietzsche / _cMartin Heidegger. _nVol. I |
| 260 |
_aPfullingen : _bNeske, _cc1961. |
||
| 300 |
_a661 p. ; _c21 cm. |
||
| 600 | 1 | 0 |
_aNietzsche, Friedrich Wilhelm, _d1844-1900. _93589 |
| 942 |
_2ddc _cBK |
||
| 999 |
_c31666 _d31666 |
||